Katarína Miravčíková. Cesta života [výstava] ObKS Košice 2, jún-júl 1987, OOS Vranov n/Topľou august-september 1987

Bibliographic Details
Other Authors: Bačinská, Eleonóra (Compiler)
Format: Book
Language:Slovak
Published: Košice Krajské osvetové stredisko 1987
Subjects:

MARC

LEADER 00000nam a2200000 a 4500
001 vtls001217337
003 SK-MaSNL
005 20260301002857.0
008 180815s1987 xo a b 0 slo
035 |a SNK000160435 
040 |a SNK  |b slo  |c SNK  |e AACR2 
041 0 |a slo 
044 |a xo  |c SK 
080 |a 75(437.6)(091) Miravčíková, K.(083.71)  |2 1981 
245 0 |a Katarína Miravčíková. Cesta života  |b [výstava] ObKS Košice 2, jún-júl 1987, OOS Vranov n/Topľou august-september 1987  |c [katalóg zostavila: Eleonóra Bačinská] 
260 |a Košice  |b Krajské osvetové stredisko  |c 1987 
300 |a [20] s.  |c 22 cm 
600 1 |a Miravčíková, Katarína  |d 1943-  |x dielo  |x katalógy  |2 SNK  |9 283385 
700 1 |a Bačinská, Eleonóra  |4 com  |9 283386 
958 |a OND 
999 |c 538310  |d 540240 
952 |t P60, <04>, [BOOK], {604}  |a SNK  |b SNK  |y VYP  |7 0  |p 17A0232955  |o snkOSD 7524 D1  |i snkD 220/2000  |0 0  |1 0  |4 0  |d 2000-03-29  |l 0  |r 2005-01-01 00:00:00  |w 2026-02-23 
952 |t P60, <03>, [BOOK], {603}  |a SNK  |b SNK  |y PREZ  |7 0  |o snkOSC 7524  |i snkD 836/94  |0 0  |1 0  |4 0  |d 2000-03-29  |l 0  |r 2005-01-01 00:00:00  |w 2026-02-23